Latvia administrative divisions - Statistics

General Stats
  • This quiz has been taken 9 times
  • The average score is 27 of 40
Answer Stats
Answer % Correct
Rezekne
100%
Riga
100%
Daugavpils
88%
Jekabpils
88%
Jelgava
88%
Kraslava
88%
Ventspils
88%
Bauska
75%
Jurmala
75%
Ķekava
75%
Kuldiga
75%
Liepaja
75%
Ludza
75%
Madona
75%
Ogre
75%
Olaine
75%
Sigulda
75%
Adazi
63%
Aizkraukle
63%
Aluksne
63%
Balvi
63%
Cesis
63%
Gulbene
63%
Livani
63%
Preiļi
63%
Saldus
63%
Saulkrasti
63%
Smiltene
63%
Tukums
63%
Valka
63%
Valmiera
63%
Varaklani
63%
Augsdaugava
50%
Dobele
50%
Limbazi
50%
Marupe
50%
Salaspils
50%
Talsi
50%
Ropazi
38%
South Kurzeme
38%
No matching quizzes found
Score Distribution
Percent of People with Each Score
Percentile by Number Answered
Your Score History
You have not taken this quiz